000 01506nam a2200445 a 4500
001 000110807
003 CHAP
005 20220329144147.0
008 141007s2013 mx |s| ||||||spa d
010 _a107269
011 _a108241
020 _a9786074944655
040 _cCHAP
090 _aCD-441
245 0 0 _aOaxaca
_h[Disco compacto]
_bcompendio censal del siglo XX /
_cpor Instituto Nacional de Estadística y Geografía.
260 _aAguascalientes, Ags. :
_bINEGI,
_c2013.
300 _a1 CD ROM ;
_c4 3/4 plg.
490 1 _aColección memorias
500 _aMéxico 2010
590 _aBATCH-UPD
_b05
_c20141007
_lUCH01
_h0914
590 _aE11695DGD
_b10
_c20141008
_lUCH01
_h0956
590 _aE11695DGD
_b10
_c20141008
_lUCH01
_h0956
590 _aE5995AHE
_b05
_c20141007
_lUCH01
_h0914
590 _aE5995AHE
_b05
_c20141007
_lUCH01
_h0935
590 _aE5995AHE
_b05
_c20141007
_lUCH01
_h0935
590 _aE5995AHE
_b05
_c20141007
_lUCH01
_h0935
590 _aE5995AHE
_b05
_c20141007
_lUCH01
_h1119
590 _aE5995AHE
_b05
_c20141007
_lUCH01
_h1208
590 _aE5995AHE
_b05
_c20141007
_lUCH01
_h1209
590 _aE5995AHE
_b05
_c20141007
_lUCH01
_h1210
650 1 4 _aOaxaca
_xCensos.
_982475
650 1 4 _aPoblación
_xEstadísticas.
_989369
650 1 4 _aPoblación
_zOaxaca.
_989432
650 1 4 _aVivienda
_xOaxaca.
_9120141
710 2 _aInstituto Nacional de Estadística y Geografía
_959300
830 0 0 _aColección memorias
_924925
901 _aBK
942 _cCD
942 _n0
999 _c107269
_d107269